Powiaty kujawsko-pomorskiego według granic w 30 sekund - Statystyki

Ogólne statystyki
  • Ten quiz został rozwiązany 15 razy
  • Średni wynik to 21 z 23
Odpowiedzi na mapie
Odpowiedzi zakodowano w zielono-czerwonej skali na mapie do tego quizu, zgodnie z poniższymi procentami.
 
Statystyki odpowiedzi
Powiaty % Poprawnych
aleksandrowski
100%
bydgoski
100%
inowrocławski
100%
toruński
100%
żniński
100%
Bydgoszcz
91%
chełmiński
91%
golubsko-dobrzyński
91%
lipnowski
91%
radziejowski
91%
świecki
91%
Toruń
91%
tucholski
91%
wąbrzeski
91%
Włocławek
91%
włocławski
91%
brodnicki
82%
grudziądzki
82%
mogileński
82%
nakielski
82%
sępoleński
82%
Grudziądz
73%
rypiński
73%
Nie znaleziono quizów pasujących do podanych kryteriów
Rozkład punktacji
Procent ludzi z każdym wynikiem
Percentyl według liczby udzielonych odpowiedzi
Twoja historia wyników
Nie rozwiązałeś tego quizu